| 000 | 01074nas a2200349 4500 | ||
|---|---|---|---|
| 001 | BR2013000435 | ||
| 003 | BR-BrBNA | ||
| 005 | 20231205121813.0 | ||
| 007 | ta | ||
| 008 | 230509b bl.|||p| |||| 00| 00por d | ||
| 040 |
_aBR-BrBNA _bpor _cBiblioteca Nacional de Agricultura |
||
| 041 | _a(Pt) | ||
| 072 | _aL50 | ||
| 100 | 1 | _aFilappi, A.R. | |
| 100 | 1 | _aPrestes, D.S. | |
| 100 | 1 | _aAntes, F.G. | |
| 100 | 1 | _aFlores, E.L.M. | |
| 100 | 1 | _aDressier, V.L. | |
| 100 | 1 | _aFlores, E.M.M. | |
| 100 | 1 | _aCecim, M. | |
| 245 | 1 | _aMetabolismo e distribuição do flúor em ovinos jovens tratados cronicamente com fluoreto de sódio | |
| 246 | 1 | _aMetabolism and distribution of fluor in lambs chronically treated with sodium fluoride | |
| 650 | _aOVINO | ||
| 650 | _aMETABOLISMO ANIMAL | ||
| 650 | _aFLÚOR | ||
| 650 | _aSÓDIO | ||
| 650 | _aOSSO | ||
| 650 | _aURINA | ||
| 773 | 0 |
_tPesquisa Veterinária Brasileira (Brazil) _xISSN 0100-736X _g(Feb 2008), v. 28(2) p. 124-128 _wBR2013000435 |
|
| 909 |
_a202311 _bLúcia _c55 _dLúcia Elande |
||
| 942 |
_2AGRIS _n0 _cANA |
||
| 999 |
_c225325 _d225325 |
||